|
|
|
|
| LEADER |
01109nam a22002177a 4500 |
| 020 |
|
|
|a 81-7130-582-2
|
| 082 |
|
|
|a 894.M308
|b ZAC/P N6
|
| 100 |
|
|
|a പോള് സക്കറിയ;
|9 7490
|
| 100 |
|
|
|a Paul Zachariya
|9 6715
|
| 240 |
|
|
|a Praise the lord
|
| 245 |
|
|
|a പ്രെയ്സ് ദി ലോര്ഡ്
|
| 250 |
|
|
|a 1st
|
| 260 |
|
|
|a Kottayam;
|b D C Books;
|c 1996
|
| 300 |
|
|
|a 53p.
|
| 650 |
|
|
|a മലയാളം; മലയാളം നോവല്
|9 3
|
| 650 |
|
|
|a Malayalam; Malayalam Novel; Literature; Malayalam Fiction
|9 7491
|
| 942 |
|
|
|c BK
|
| 999 |
|
|
|c 32191
|d 32191
|
| 952 |
|
|
|0 0
|1 0
|4 0
|6 894_000000000000000_M308_ZAC_P_N6
|7 0
|8 FIC
|9 35505
|a MAL
|b MAL
|d 2015-05-08
|e 42359
|g 20.00
|l 0
|o 894.M308 ZAC/P N6
|p MAL042359
|r 2015-05-08
|t 1
|w 2015-05-08
|y BK
|
| 952 |
|
|
|0 0
|1 0
|4 0
|6 894_000000000000000_M308_ZAC_P_N61
|7 0
|8 FIC
|9 35506
|a MAL
|b MAL
|d 2015-06-05
|e 42357
|g 20.00
|l 0
|o 894.M308 ZAC/P N6;1
|p MAL042357
|r 2015-06-05
|t 2
|w 2015-06-05
|y BK
|
| 952 |
|
|
|0 0
|1 0
|4 0
|6 894_000000000000000_M308_ZAC_P_N62
|7 0
|8 FIC
|9 35507
|a MAL
|b MAL
|d 2015-06-05
|e 42358
|g 20.00
|l 0
|o 894.M308 ZAC/P N6;2
|p MAL042358
|r 2015-06-05
|t 3
|w 2015-06-05
|y BK
|